000 00626nam a2200241Ia 4500
003 OSt
005 20221007105319.0
006 a|||||r|||| 00| 0
007 ta
008 221006b |||||||| |||| 00| 0 eng d
024 _a18,226
037 _cTextual
040 _aLCO
_cLCO
_beng
041 _2eng
_aeng
082 _aZ2,3, N3
100 _aChander Harish
245 0 _aContract of Employment and Management Prerogatives
260 _aNoida
_bVijaya Publications India
_c1993
300 _a322
650 _aCONTRACT
942 _hZ2,3, N3
_cTEXL
999 _c1187789
_d1187789